000
00243nam a2200109Ia 4500
008
190913s9999||||xx |||||||||||||| ||und||
100
_a
Patrick Sebranek
245
0
_a
Writers Inc
260
_a
Karachi
_b
BPB
_c
2000
300
_a
975
942
_c
BK
999
_c
8208
_d
8208